Impact of European Sanctions Against Russia on EU Countries
Na minha lista:
| Autor principal: | |
|---|---|
| Formato: | Capítulo de Livro |
| Idioma: | inglês |
| Assuntos: | |
| Tags: |
Sem tags, seja o primeiro a adicionar uma tag!
|
MARC
| LEADER | 00000naa$a2200000$$$4500 | ||
|---|---|---|---|
| 001 | 0288251 | ||
| 005 | 20240502074422.7 | ||
| 041 | 0 | |a eng | |
| 044 | |a SK | ||
| 245 | 1 | 0 | |a Impact of European Sanctions Against Russia on EU Countries |c Jana Vajdová |
| 500 | |a Abstrakt | ||
| 610 | 2 | 0 | |a sankcie |
| 610 | 2 | 0 | |a Rusko |
| 610 | 2 | 0 | |a Európska únia |
| 100 | 1 | |a Vajdová, Jana, 1983- | |